[Event "Detroit (MCO/B/4/1)"]
[Site "?"]
[Date "1994.??.??"]
[Round "?"]
[White "Tracz, J."]
[Black "Pritchett, P."]
[Result "0-1"]
[WhiteElo "1755"]
[BlackElo "1690"]
[PlyCount "52"]
[EventDate "1994.??.??"]

{4/(1)} 1. d4 Nf6 2. c4 e6 3. Nc3 Bb4 4. Bg5 O-O 5. e3 c5 6. d5 d6 7. Nf3 h6 8.
Bh4 exd5 9. cxd5 Bf5 10. Bd3 Bxd3 11. Qxd3 Nbd7 12. O-O a6 13. Ne4 Qe7 14. Nfd2
Rfe8 15. Nxf6+ Nxf6 16. a3 Ba5 17. Nc4 Bc7 18. b4 b5 19. Na5 Bxa5 20. bxa5 c4
21. Qd4 g5 22. Bg3 Nd7 23. h4 Nc5 24. hxg5 hxg5 25. Kh2 Nb3 26. Rae1 Nxd4 0-1

[Event "Detroit (MCO/B/2a/2)"]
[Site "?"]
[Date "1994.??.??"]
[Round "?"]
[White "Tracz, J."]
[Black "Johnston, Rowland"]
[Result "1-0"]
[WhiteElo "1755"]
[BlackElo "1730"]
[PlyCount "49"]
[EventDate "1994.??.??"]

1. d4 Nf6 2. c4 g6 3. Nc3 Bg7 4. e4 d6 5. f4 O-O 6. Nf3 Nbd7 7. Bd3 c5 8. d5 b5
9. O-O bxc4 10. Bxc4 Nb6 11. Bb3 a5 12. e5 Nfd7 13. e6 fxe6 14. dxe6 Nf6 15.
Ng5 Qe8 16. f5 gxf5 17. Rxf5 h6 18. Nf7 c4 19. Nxh6+ Bxh6 20. Bxh6 Bxe6 21.
Rg5+ Kh7 22. Bxf8 cxb3 23. Qd3+ Kh8 24. Bg7+ Kg8 25. Bxf6+ 1-0

[Event "Eastpointe (US Am N/5/12)"]
[Site "?"]
[Date "1994.??.??"]
[Round "?"]
[White "Tracz, J."]
[Black "Bailey, Greg"]
[Result "0-1"]
[WhiteElo "1740"]
[BlackElo "2065"]
[PlyCount "80"]
[EventDate "1994.??.??"]

{5/(12)} 1. d4 Nf6 2. c4 e6 3. Nc3 Bb4 4. Bg5 h6 5. Bh4 g5 6. Bg3 Ne4 7. Qc2
Nxg3 8. hxg3 c5 9. d5 exd5 10. cxd5 d6 11. Qe4+ Qe7 12. Qxe7+ Kxe7 13. Nf3 Kf6
14. e3 Nd7 15. O-O-O Bxc3 16. bxc3 g4 17. Nd2 Ne5 18. Ne4+ Ke7 19. Rh5 f5 20.
Nd2 Bd7 21. Nc4 Nf7 22. Bd3 Kf6 23. Rdh1 b5 24. Nxd6 Nxd6 25. Rxh6+ Rxh6 26.
Rxh6+ Ke5 27. f4+ Kxd5 28. Rh7 Be6 29. Re7 a6 30. Kc2 Rh8 31. Ra7 c4 32. Be2
Rh2 33. Rxa6 Rxg2 34. Kd1 Rxg3 35. a4 Rxe3 36. Kd2 Re4 37. a5 Rxf4 38. Rb6 Kc5
39. Ke3 Re4+ 40. Kf2 g3+ 0-1

[Event "Eastpointe (US Am N/1b/19)"]
[Site "?"]
[Date "1994.??.??"]
[Round "?"]
[White "Tracz, J."]
[Black "Anderson, JE."]
[Result "1-0"]
[WhiteElo "1740"]
[BlackElo "1605"]
[PlyCount "61"]
[EventDate "1994.??.??"]

1. d4 Nf6 2. c4 e6 3. Nc3 Bb4 4. Bg5 d5 5. Qa4+ Nc6 6. e3 O-O 7. cxd5 Bxc3+ 8.
bxc3 exd5 9. Bd3 h6 10. Bh4 Qd6 11. Ne2 Ne7 12. Bg3 Qd8 13. Qc2 Be6 14. Rb1 Rb8
15. h3 Qd7 16. Nf4 Bf5 17. O-O g5 18. Ne2 Be4 19. c4 Rfe8 20. cxd5 Nexd5 21.
Nc3 Nxc3 22. Qxc3 Re7 23. Rfc1 Ne8 24. Bxe4 Rxe4 25. Bxc7 Rc8 26. Qd3 Qe7 27.
Be5 Rxc1+ 28. Rxc1 Rh4 29. Rc8 f6 30. Qg6+ Qg7 31. Rxe8# 1-0

[Event "Grand Rapids (MI Am/5/2)"]
[Site "?"]
[Date "1994.??.??"]
[Round "?"]
[White "Townsend, Paul"]
[Black "Straub, F."]
[Result "1/2-1/2"]
[WhiteElo "1830"]
[BlackElo "1885"]
[PlyCount "40"]
[EventDate "1994.??.??"]

{5/(2)} 1. e4 c5 2. Nf3 d6 3. d4 cxd4 4. Nxd4 Nf6 5. Nc3 g6 6. Bc4 Bg7 7. O-O
O-O 8. Bb3 Nc6 9. Nxc6 bxc6 10. Qe2 Qa5 11. Bd2 Ba6 12. Bc4 Bxc4 13. Qxc4 Rac8
14. Rad1 Qh5 15. h3 d5 16. Qa4 dxe4 17. Nxe4 Qb5 18. Qxb5 cxb5 19. Nxf6+ Bxf6
20. c3 b4 1/2-1/2

[Event "Grand Rapids (MI Am/3/2)"]
[Site "?"]
[Date "1994.??.??"]
[Round "?"]
[White "Townsend, Paul"]
[Black "Smith, Mike A"]
[Result "1-0"]
[WhiteElo "1830"]
[BlackElo "1955"]
[PlyCount "53"]
[EventDate "1994.??.??"]

{3/(2)} 1. e4 c6 2. d4 d5 3. exd5 cxd5 4. c4 Nf6 5. Nc3 e6 6. Nf3 Be7 7. Bd3
O-O 8. O-O dxc4 9. Bxc4 Nc6 10. Re1 Qb6 11. Na4 Qb4 12. b3 Rd8 13. Bd2 Qd6 14.
Bc3 Nd5 15. Bb2 b6 16. Ne5 Bb7 17. Rc1 Nf4 18. Qg4 Nd5 19. Nc3 Nf6 20. Qh3 Bc8
21. Nb5 Qb8 22. Nxc6 Qb7 23. Nxd8 Bxd8 24. Nd6 Qe7 25. Nxc8 Rxc8 26. d5 Qc7 27.
Ba6 1-0

[Event "Gaylord (NMO/2/5)"]
[Site "?"]
[Date "1994.??.??"]
[Round "?"]
[White "Townsend, Paul"]
[Black "Rosebrook, G."]
[Result "1-0"]
[WhiteElo "1865"]
[BlackElo "1605"]
[PlyCount "47"]
[EventDate "1994.??.??"]

{2/(5)} 1. e4 c5 2. f4 e6 3. Nf3 Nc6 4. Nc3 g6 5. Bc4 Bg7 6. d3 Bxc3+ 7. bxc3
Qc7 8. O-O a6 9. a4 Nge7 10. Qe1 Na5 11. Ba2 b6 12. f5 Bb7 13. fxe6 dxe6 14.
Ng5 c4 15. Nxf7 Rf8 16. Bf4 Qc5+ 17. d4 Qh5 18. Nd6+ Kd7 19. Nxb7 Nxb7 20. Bxc4
Rac8 21. Bxa6 Qa5 22. Bxb7 Rxc3 23. Bd2 Rxf1+ 24. Kxf1 1-0

[Event "Gaylord (NMO/4/4)"]
[Site "?"]
[Date "1994.??.??"]
[Round "?"]
[White "Townsend, Paul"]
[Black "Revnell, Joseph"]
[Result "1-0"]
[WhiteElo "1865"]
[BlackElo "1605"]
[PlyCount "91"]
[EventDate "1994.??.??"]

{4/(4)} 1. e4 d5 2. exd5 Nf6 3. d4 Nxd5 4. c4 Nf6 5. Nf3 c5 6. Be2 e6 7. O-O
Be7 8. Nc3 cxd4 9. Qxd4 O-O 10. Bg5 Nc6 11. Qxd8 Rxd8 12. Rfd1 b6 13. Rxd8+
Bxd8 14. Rd1 Bb7 15. Nb5 Be7 16. Nfd4 Nxd4 17. Rxd4 h6 18. Be3 a6 19. Nd6 Bxd6
20. Rxd6 b5 21. c5 Rc8 22. Rb6 Bd5 23. Rxa6 Ne4 24. Bxb5 Nxc5 25. Ra7 Ne4 26.
Bd3 Nf6 27. h3 Ra8 28. Rxa8+ Bxa8 29. Kf1 Nd5 30. a3 Bc6 31. g3 Kf8 32. Ke2 Ke8
33. Kd2 Kd7 34. b4 Kc7 35. Bc5 g6 36. b5 Bb7 37. a4 Nb6 38. a5 Na8 39. Kc3 Bd5
40. Kb4 f5 41. b6+ Kb8 42. Bd6+ Kb7 43. Kc5 h5 44. a6+ Kc8 45. Bb5 Bb7 46.
axb7+ 1-0

[Event "Grand Rapids (MI Am/1/17)"]
[Site "?"]
[Date "1994.??.??"]
[Round "?"]
[White "Townsend, Paul"]
[Black "Berger, Byron"]
[Result "1-0"]
[WhiteElo "1830"]
[BlackElo "1605"]
[PlyCount "59"]
[EventDate "1994.??.??"]

{1/(17)} 1. e4 e5 2. Nf3 Nf6 3. Nxe5 d6 4. Nf3 Nxe4 5. d4 d5 6. Be2 Bd6 7. O-O
O-O 8. c4 c6 9. Nc3 Nxc3 10. bxc3 Nd7 11. Bg5 Be7 12. Bxe7 Qxe7 13. cxd5 cxd5
14. Re1 Qd6 15. Bd3 Nf6 16. h3 Bd7 17. Qb3 Rac8 18. Rac1 b6 19. Ne5 Be6 20. f4
Nh5 21. f5 Bd7 22. Nxd7 Qxd7 23. Re5 Nf4 24. Bb5 Qd8 25. Qd1 Qg5 26. Qf1 Nxg2
27. f6 Qg3 28. Qxg2 Qxg2+ 29. Kxg2 gxf6 30. Rxd5 1-0

[Event "Detroit (MI Op/2/31)"]
[Site "?"]
[Date "1994.??.??"]
[Round "?"]
[White "Townsend, E."]
[Black "Walker, LeRoy"]
[Result "1-0"]
[WhiteElo "2045"]
[BlackElo "1880"]
[PlyCount "57"]
[EventDate "1994.??.??"]

{2/(31)} 1. d4 e5 2. dxe5 Nc6 3. Nf3 Qe7 4. Qd5 Nb4 5. Qb3 f6 6. Bd2 fxe5 7.
Nxe5 Nxc2+ 8. Qxc2 Qxe5 9. Bc3 Qe7 10. g3 c6 11. Nd2 d5 12. Nf3 Nf6 13. O-O-O
g6 14. Bg2 Bg7 15. Nd4 O-O 16. e4 c5 17. Nb3 d4 18. Bd2 Be6 19. Bg5 h6 20. Bxf6
Bxf6 21. e5 Bg7 22. Qxg6 Bxb3 23. axb3 Rxf2 24. Bd5+ Kh8 25. h4 Qxe5 26. Be4
Kg8 27. Rhf1 Qf6 28. Qh7+ Kf8 29. Bd5 1-0

[Event "Detroit (MI Op/4/30)"]
[Site "?"]
[Date "1994.??.??"]
[Round "?"]
[White "Townsend, E."]
[Black "Selitsky, B."]
[Result "1-0"]
[WhiteElo "2045"]
[BlackElo "1900"]
[PlyCount "55"]
[EventDate "1994.??.??"]

{4/(30)} 1. d4 d5 2. c4 e6 3. Nc3 Nf6 4. Bg5 Be7 5. e3 O-O 6. Nf3 h6 7. Bh4 b6
8. Rc1 Bb7 9. Be2 dxc4 10. Bxc4 Nd5 11. Bg3 Nxc3 12. bxc3 Bd6 13. Qe2 Be4 14.
O-O Nd7 15. Nd2 Bb7 16. f4 Be7 17. f5 exf5 18. Rxf5 Bg5 19. Rcf1 Kh8 20. Rxf7
Rxf7 21. Rxf7 Qe8 22. Nf1 b5 23. Bb3 a5 24. Qxb5 Bxe3+ 25. Kh1 Ba6 26. Qxd7
Qxd7 27. Rxd7 Bxf1 28. Be5 1-0

[Event "Detroit (WCO/5/18)"]
[Site "?"]
[Date "1994.??.??"]
[Round "?"]
[White "Townsend, D."]
[Black "Zuniga, Jesus"]
[Result "1-0"]
[WhiteElo "1605"]
[BlackElo "1605"]
[PlyCount "45"]
[EventDate "1994.??.??"]

{5/(18)} 1. d4 Nf6 2. c3 g6 3. Nf3 Bg7 4. Be3 O-O 5. Bf4 d6 6. Qd2 Ne4 7. Qe3
Nf6 8. Nbd2 Ng4 9. Qd3 Nf6 10. e4 c5 11. e5 dxe5 12. Nxe5 cxd4 13. cxd4 Bf5 14.
Qh3 b6 15. Nxf7 e6 16. Nxd8 Rxd8 17. Nf3 Ne4 18. Bd3 Kf7 19. O-O Nc6 20. Bxe4
Bxe4 21. Ng5+ Kf8 22. Qxe6 Bd5 23. Nxh7# 1-0

[Event "Detroit (Beg/5/7)"]
[Site "?"]
[Date "1994.??.??"]
[Round "?"]
[White "Townsend, D."]
[Black "Stone, Rick"]
[Result "1-0"]
[WhiteElo "1605"]
[BlackElo "1605"]
[PlyCount "45"]
[EventDate "1994.??.??"]

{5/(7)} 1. d4 d5 2. Nf3 e6 3. Nc3 Ne7 4. e4 g6 5. e5 Bg7 6. Ng5 f6 7. exf6 Rf8
8. fxg7 Rg8 9. Bf4 Nbc6 10. Nb5 Rxg7 11. Nxc7+ Kd7 12. Nxa8 Qa5+ 13. Bd2 Qd8
14. Qg4 Qg8 15. O-O-O Nf5 16. Qf4 h6 17. Qc7+ Ke8 18. Qxc8+ Ke7 19. Qxg8 Rxg8
20. Nc7 Ncxd4 21. Re1 Kd6 22. Bf4+ Kc5 23. Ngxe6+ 1-0

[Event "Eastpointe (MI Action/4/21)"]
[Site "?"]
[Date "1994.??.??"]
[Round "?"]
[White "Townsend, D."]
[Black "Smith, F."]
[Result "0-1"]
[WhiteElo "1605"]
[BlackElo "1605"]
[PlyCount "71"]
[EventDate "1994.??.??"]

{4/(21)} 1. d4 d5 2. Nf3 Nf6 3. e3 a6 4. Bd3 Bg4 5. Nc3 e6 6. e4 dxe4 7. Bxe4
c6 8. Bd3 Be7 9. Be2 Bxf3 10. Bxf3 O-O 11. O-O Nbd7 12. Bf4 Nd5 13. Qd2 Nxf4
14. Qxf4 Nf6 15. Rad1 Nd5 16. Qe5 Bf6 17. Qe4 g6 18. Qd3 Qc7 19. Ne4 Bg7 20. c4
Nf4 21. Qe3 e5 22. d5 cxd5 23. cxd5 Rad8 24. d6 Qa5 25. Nc5 Qxa2 26. d7 Ne6 27.
Nxb7 Rb8 28. Qa7 Qxb2 29. Bd5 Ra8 30. Rb1 Qxb1 31. Rxb1 Rxa7 32. Rc1 Raa8 33.
Nd6 Rab8 34. Nxf7 Kxf7 35. g3 a5 36. Rc6 $138 0-1

[Event "Detroit (WCO/2/11)"]
[Site "?"]
[Date "1994.??.??"]
[Round "?"]
[White "Townsend, D."]
[Black "Ruelas, Erik"]
[Result "0-1"]
[WhiteElo "1605"]
[BlackElo "1605"]
[PlyCount "22"]
[EventDate "1994.??.??"]

{2/(11)} 1. e4 c5 2. Nf3 Nc6 3. Bc4 g6 4. d3 Bg7 5. Be3 Bxb2 6. Nbd2 Bxa1 7.
Qxa1 e5 8. Bh6 Nf6 9. Bg7 Rg8 10. Bh6 Nd4 11. c3 Nc2+ 0-1

[Event "Eastpointe (MI Action/6/21)"]
[Site "?"]
[Date "1994.??.??"]
[Round "?"]
[White "Townsend, D."]
[Black "Martell, Raul"]
[Result "0-1"]
[WhiteElo "1605"]
[BlackElo "1605"]
[PlyCount "59"]
[EventDate "1994.??.??"]

{6/(21)} 1. e4 e5 2. d3 Nc6 3. Nc3 Nf6 4. Be3 Bb4 5. Nf3 O-O 6. a3 Bxc3+ 7.
bxc3 d6 8. d4 exd4 9. cxd4 Nxe4 10. Bd3 Nf6 11. O-O Bg4 12. Be2 Qd7 13. Rb1 b6
14. Ng5 Bxe2 15. Qxe2 h6 16. Nf3 Nd5 17. Bd2 Rae8 18. Qb5 Nf6 19. d5 Ne5 20. c4
Qxb5 21. cxb5 Nxf3+ 22. gxf3 Nxd5 23. Rfe1 Re6 24. f4 Rc8 25. f5 Re5 26. f4
Rxe1+ 27. Bxe1 Nxf4 28. Bc3 Ne2+ 29. Kf2 Nxc3 30. Rc1 0-1

[Event "Detroit (Beg/2/12)"]
[Site "?"]
[Date "1994.??.??"]
[Round "?"]
[White "Townsend, D."]
[Black "Bullard, M."]
[Result "1-0"]
[WhiteElo "1605"]
[BlackElo "1605"]
[PlyCount "35"]
[EventDate "1994.??.??"]

{2/(12)} 1. e4 e5 2. Nc3 Nf6 3. d4 Nc6 4. Nb5 a6 5. d5 axb5 6. dxc6 bxc6 7. Bd3
Bb4+ 8. Bd2 Bxd2+ 9. Qxd2 d6 10. O-O-O Bg4 11. Be2 Bxe2 12. Nxe2 Rxa2 13. Qg5
O-O 14. Rd3 Qa8 15. Kd2 Qa5+ 16. Nc3 Rxb2 17. Rg3 h6 18. Qxg7# 1-0

[Event "Eastpointe (MI Action/2/16)"]
[Site "?"]
[Date "1994.??.??"]
[Round "?"]
[White "Townsend, D."]
[Black "Bezrutch, B."]
[Result "0-1"]
[WhiteElo "1605"]
[BlackElo "1605"]
[PlyCount "42"]
[EventDate "1994.??.??"]

{2/(16)} 1. d4 d5 2. e3 Nf6 3. Nc3 Nc6 4. Nf3 Bg4 5. Bd3 Qd6 6. e4 Bxf3 7. Qxf3
Nxd4 8. Bf4 Nxf3+ 9. gxf3 Qxf4 10. exd5 Qxf3 11. Rg1 Ng4 12. Ne4 f5 13. Rg3
Qh1+ 14. Kd2 Qxa1 15. Bb5+ Kd8 16. Nc5 Qxb2 17. Ne6+ Kc8 18. a4 g6 19. Rc3 Bh6+
20. Ke2 Qxc3 21. Kd1 Qd2# 0-1

[Event "Eastpointe (MI Action/6/25)"]
[Site "?"]
[Date "1994.??.??"]
[Round "?"]
[White "Torres, D."]
[Black "Wood, C."]
[Result "1/2-1/2"]
[WhiteElo "1605"]
[BlackElo "1605"]
[PlyCount "33"]
[EventDate "1994.??.??"]

{6/(25)} 1. e4 e5 2. Nf3 Nc6 3. d4 d6 4. d5 Bg4 5. dxc6 bxc6 6. Be2 Nf6 7. Bg5
Be7 8. h3 h6 9. hxg4 hxg5 10. Rxh8+ Bf8 11. Nxg5 Nxe4 12. Nxe4 d5 13. Nc5 Rb8
14. b3 Rb5 15. Bxb5 cxb5 16. Nb7 Qb8 17. Qxd5 1/2-1/2

[Event "Eastpointe (MI Action/1/22)"]
[Site "?"]
[Date "1994.??.??"]
[Round "?"]
[White "Torres, D."]
[Black "Welch, Joseph"]
[Result "0-1"]
[WhiteElo "1605"]
[BlackElo "1605"]
[PlyCount "66"]
[EventDate "1994.??.??"]

{1/(22)} 1. e4 c5 2. Nf3 Nc6 3. d4 cxd4 4. Nxd4 g6 5. b3 Bg7 6. c3 Nf6 7. Bb5
Nxe4 8. Nxc6 bxc6 9. Bd3 Nxc3 10. Nxc3 Bxc3+ 11. Bd2 Bxa1 12. Qxa1 Rg8 13. O-O
a5 14. b4 axb4 15. Bxb4 d6 16. h4 Be6 17. a3 Bd5 18. h5 Qd7 19. f3 c5 20. Bc3
Qa7 21. Bb2 c4+ 22. Rf2 cxd3 23. h6 Rc8 24. Bd4 Qa5 25. Qb2 Qe1+ 26. Rf1 d2 27.
Rxe1 dxe1=Q+ 28. Kh2 Qh4+ 29. Kg1 Qg5 30. Qb5+ Kf8 31. Qe2 Rc1+ 32. Kf2 Bc4 33.
Qe4 d5 0-1

[Event "Eastpointe (MI Action/5/24)"]
[Site "?"]
[Date "1994.??.??"]
[Round "?"]
[White "Torres, D."]
[Black "Townsend, D."]
[Result "0-1"]
[WhiteElo "1605"]
[BlackElo "1605"]
[PlyCount "38"]
[EventDate "1994.??.??"]

{5/(24)} 1. e4 e5 2. Nf3 Nf6 3. Nc3 d6 4. d4 exd4 5. Nxd4 c5 6. Bg5 cxd4 7.
Bxf6 Qxf6 8. Nd5 Qe5 9. Nc7+ Kd8 10. Nxa8 Qxe4+ 11. Be2 Qxg2 12. Rf1 Be7 13.
Bf3 Qg5 14. Qxd4 Bf6 15. Qxd6+ Nd7 16. Qc7+ Ke7 17. Bxb7 Bxb2 18. Rb1 Bc1 19.
Bxc8 Qd2# 0-1

[Event "Novi (Oct)"]
[Site "?"]
[Date "1994.??.??"]
[Round "?"]
[White "Torres, D."]
[Black "Mahabir, Jagdesh"]
[Result "1-0"]
[WhiteElo "1605"]
[BlackElo "1605"]
[PlyCount "77"]
[EventDate "1994.??.??"]

1. e4 d6 2. g3 Nf6 3. Bg2 g6 4. Nf3 Bg7 5. Ng5 O-O 6. O-O e5 7. Nc3 h6 8. Bh3
hxg5 9. Bxc8 Qxc8 10. Nd5 Nbd7 11. Ne7+ Kh8 12. Nxc8 Raxc8 13. b3 Nxe4 14. Re1
f5 15. g4 d5 16. f3 Nec5 17. Ba3 e4 18. b4 Na6 19. d3 Bc3 20. b5 Nac5 21. Rb1
Bd4+ 22. Kh1 fxg4 23. dxe4 Rxf3 24. Qxd4+ Kh7 25. Bxc5 Nxc5 26. Qxc5 Rcf8 27.
Qxc7+ R8f7 28. Qd6 g3 29. hxg3 Kh8 30. Qe5+ Kg8 31. b6 axb6 32. Rxb6 Rf2 33.
Rxg6+ Kf8 34. Qb8+ Ke7 35. exd5+ Kd7 36. Qxb7+ Kd8 37. Rg8+ Rf8 38. Rxf8+ Rxf8
39. Re7 1-0

[Event "Novi (Oct)"]
[Site "?"]
[Date "1994.??.??"]
[Round "?"]
[White "Torres, D."]
[Black "Gaiefsky, S."]
[Result "0-1"]
[WhiteElo "1605"]
[BlackElo "1605"]
[PlyCount "82"]
[EventDate "1994.??.??"]

1. e4 g6 2. Nf3 Bg7 3. d4 Nf6 4. e5 Nd5 5. Nc3 c6 6. g3 O-O 7. Bg2 d6 8. O-O
Bg4 9. h3 Nxc3 10. bxc3 Be6 11. Ng5 Bc4 12. Re1 h6 13. e6 hxg5 14. Bxg5 fxe6
15. Rb1 Rf5 16. h4 Bf6 17. f4 Bxg5 18. hxg5 Bxa2 19. Rxb7 Rf7 20. Qa1 Bd5 21.
c4 Bxc4 22. Rxa7 Rxa7 23. Qxa7 Na6 24. Bxc6 Nb4 25. Be4 Kg7 26. Rb1 Bd5 27. Bd3
Nxd3 28. cxd3 Qh8 29. Rb5 Qh1+ 30. Kf2 Qg2+ 31. Ke1 Qxg3+ 32. Kd1 Qxd3+ 33. Kc1
Qxb5 34. Qc7 Qf1+ 35. Kd2 Qxf4+ 36. Kc3 Qc1+ 37. Kb4 Qxc7 38. Kb5 Qc6+ 39. Kb4
Rf8 40. Ka5 Qc7+ 41. Ka6 Bc4# 0-1

[Event "Eastpointe (MI Action/3/25)"]
[Site "?"]
[Date "1994.??.??"]
[Round "?"]
[White "Torres, D."]
[Black "Choate, Eric"]
[Result "1-0"]
[WhiteElo "1605"]
[BlackElo "1605"]
[PlyCount "82"]
[EventDate "1994.??.??"]

{3/(25)} 1. e4 e5 2. Nf3 Nf6 3. Bd3 Nc6 4. g4 Nxg4 5. Ng5 Qxg5 6. Rg1 Qh4 7.
Rxg4 Qxh2 8. b3 Bc5 9. Qe2 O-O 10. Ba3 Bxa3 11. Nxa3 Qh3 12. Nb5 d6 13. Rg3
Qh1+ 14. Qf1 Qh4 15. Nxc7 Rb8 16. Nb5 Nd4 17. Nxd4 exd4 18. Rh3 Qf4 19. Rc1
Bxh3 20. Qxh3 f5 21. exf5 Rbe8+ 22. Kd1 Qe5 23. c3 Qe1+ 24. Kc2 Qxf2 25. f6
Rxf6 26. Qxh7+ Kf7 27. Bc4+ Kf8 28. Qh8+ Ke7 29. Qxg7+ Kd8 30. Qxb7 Qf5+ 31.
Bd3 Qc5 32. b4 Qe5 33. Qa8+ Ke7 34. Qxa7+ Kf8 35. b5 dxc3 36. dxc3 Rc8 37. Kb2
Rf2+ 38. Bc2 Qe2 39. b6 Rf4 40. b7 Qb5+ 41. Bb3 Rf2+ 1-0

[Event "Detroit (MCO/Ch/6/7)"]
[Site "?"]
[Date "1994.??.??"]
[Round "?"]
[White "Toma, A."]
[Black "Wright, William"]
[Result "1-0"]
[WhiteElo "2170"]
[BlackElo "2185"]
[PlyCount "61"]
[EventDate "1994.??.??"]

{6/(7)} 1. e4 e6 2. d4 d5 3. Nd2 Nf6 4. e5 Nfd7 5. Bd3 c5 6. c3 Nc6 7. Ne2 Qb6
8. Nf3 cxd4 9. cxd4 f6 10. exf6 Nxf6 11. O-O Bd6 12. Nf4 O-O 13. Re1 Bd7 14. a4
Rac8 15. Bb5 Ne4 16. Bxc6 Bxc6 17. a5 Qc7 18. Nd3 Bb5 19. Be3 Bxd3 20. Qxd3 Qf7
21. a6 bxa6 22. Rxa6 Bb8 23. Qe2 Qf5 24. Ne5 Bxe5 25. dxe5 Qxe5 26. Bxa7 Qc7
27. f3 Nc5 28. Ra3 Ra8 29. Rea1 e5 30. Qc2 Rfc8 31. Qxc5 1-0

[Event "Warren (Warmup"]
[Site "?"]
[Date "1994.??.??"]
[Round "?"]
[White "Toma, A."]
[Black "Smith, Walt"]
[Result "1/2-1/2"]
[WhiteElo "2200"]
[BlackElo "1920"]
[PlyCount "68"]
[EventDate "1994.??.??"]

1. e4 c5 2. Nf3 Nc6 3. d4 cxd4 4. Nxd4 Nf6 5. Nc3 g6 6. Bc4 Qb6 7. Nb3 a6 8.
O-O Bg7 9. Be3 Qc7 10. Qd2 O-O 11. a4 Ne5 12. Be2 d6 13. a5 Be6 14. Bb6 Qc8 15.
Rfe1 Nc4 16. Bxc4 Bxc4 17. Nd4 Nd7 18. b3 Nxb6 19. axb6 Qc5 20. Rad1 Be6 21.
Nxe6 fxe6 22. Na4 Qh5 23. c4 Be5 24. h3 Rf7 25. Qe2 Qh6 26. Qg4 Raf8 27. Re2 g5
28. g3 Qg6 29. h4 gxh4 30. Qxg6+ hxg6 31. f4 Bg7 32. e5 hxg3 33. exd6 exd6 34.
Rxe6 Rxf4 {[Remainder illegible; 1/2-1/2, 42?]} 1/2-1/2

[Event "Warren (Warmup"]
[Site "?"]
[Date "1994.??.??"]
[Round "?"]
[White "Toma, A."]
[Black "Mankiewicz, Ryan"]
[Result "1-0"]
[WhiteElo "2200"]
[BlackElo "1835"]
[PlyCount "45"]
[EventDate "1994.??.??"]

1. e4 e6 2. d4 d5 3. Nd2 Nf6 4. e5 Nfd7 5. Bd3 c5 6. c3 Nc6 7. Ne2 Qb6 8. Nf3
f6 9. exf6 Nxf6 10. O-O cxd4 11. Nexd4 Nxd4 12. cxd4 Bd6 13. Re1 O-O 14. b3 Bd7
15. Bb2 Rac8 16. Ne5 Bb5 17. Bb1 Rc7 18. g4 Bxe5 19. Rxe5 Rcf7 20. Ba3 Nd7 21.
Rh5 Rxf2 22. Bxh7+ Kh8 23. Bf5+ 1-0

[Event "Detroit (MI Op/2/5)"]
[Site "?"]
[Date "1994.??.??"]
[Round "?"]
[White "Toma, A."]
[Black "Lang, J."]
[Result "1-0"]
[WhiteElo "2250"]
[BlackElo "2000"]
[PlyCount "77"]
[EventDate "1994.??.??"]

{2/(5)} 1. e4 c5 2. Nf3 d6 3. d4 cxd4 4. Nxd4 Nf6 5. Nc3 Nc6 6. Be3 e6 7. Qd2
Ng4 8. Bg5 Qc7 9. Ndb5 Qa5 10. h3 a6 11. hxg4 axb5 12. Bxb5 Bd7 13. Bf4 Qc7 14.
O-O-O e5 15. Be3 Bxg4 16. f3 Bd7 17. Qf2 Nb4 18. Bb6 Qc8 19. a3 Na6 20. Kb1 Be7
21. g4 Kf8 22. Rd2 Bxb5 23. Nxb5 Qc6 24. Rd5 Nc5 25. Bxc5 dxc5 26. c4 f6 27.
Rhd1 g5 28. Rd7 h5 29. gxh5 Rxh5 30. Qe2 Rh4 31. Rc7 Qb6 32. Rdd7 Re8 33. Rxb7
Rh1+ 34. Ka2 Qe6 35. Qd3 Qc6 36. Rbc7 Qa6 37. Qd5 Rh2 38. Rb7 Qa5 39. Nd6 1-0

[Event "Detroit (MCO/Ch/2b/2)"]
[Site "?"]
[Date "1994.??.??"]
[Round "?"]
[White "Toma, A."]
[Black "Gabbara, Faris"]
[Result "1/2-1/2"]
[WhiteElo "2170"]
[BlackElo "2195"]
[PlyCount "75"]
[EventDate "1994.??.??"]

1. e4 e5 2. Nf3 Nf6 3. Nxe5 d6 4. Nf3 Nxe4 5. d4 d5 6. Bd3 Nc6 7. O-O Bg4 8. c3
Be7 9. Re1 f5 10. Be2 O-O 11. Nfd2 Bxe2 12. Qxe2 Bd6 13. Nf1 Qh4 14. g3 Qh3 15.
f3 Nf6 16. Qg2 Qh5 17. Be3 Rae8 18. Nbd2 Re7 19. Bf2 Rfe8 20. Rxe7 Rxe7 21. Re1
Qe8 22. Rxe7 Nxe7 23. Be3 Qb5 24. Nb3 a5 25. Qd2 b6 26. Nc1 a4 27. Bg5 Qd7 28.
Bxf6 gxf6 29. f4 c5 30. Ne3 Qe6 31. Kf2 Nc6 32. Ne2 Qe4 33. Qc2 Qxc2 34. Nxc2
Kf7 35. Ke3 c4 36. Kd2 Ke6 37. Ne3 h5 38. Ng1 1/2-1/2

[Event "Warren (Warmup"]
[Site "?"]
[Date "1994.??.??"]
[Round "?"]
[White "Toma, A."]
[Black "Chehayeb, Sal"]
[Result "1/2-1/2"]
[WhiteElo "2200"]
[BlackElo "2025"]
[PlyCount "86"]
[EventDate "1994.??.??"]

1. e4 c5 2. Nf3 d6 3. d4 cxd4 4. Nxd4 Nf6 5. Nc3 g6 6. g3 Bg7 7. Bg2 O-O 8. O-O
Bg4 9. f3 Bd7 10. Be3 Nc6 11. Qd2 Ne5 12. b3 Rc8 13. Nce2 Re8 14. c4 a6 15. h3
Nc6 16. Rac1 b5 17. cxb5 Nxd4 18. Nxd4 axb5 19. Qb4 Nh5 20. g4 Ng3 21. Rxc8
Qxc8 22. Rf2 h5 23. Rc2 Bxd4 24. Rxc8 Bxe3+ 25. Kh2 Rxc8 26. Kxg3 h4+ 27. Kh2
Rc1 28. Bh1 Rc2+ 29. Bg2 Rxa2 30. Qe1 Bf2 31. Qd1 b4 32. Bf1 Bd4+ 33. Kh1 e5
34. Bd3 Ra1 35. Bb1 Bb5 36. Kg2 Ra6 37. Qe1 Bc3 38. Qxh4 Ra1 39. Qd8+ Kg7 40.
g5 Rxb1 41. Qf6+ Kg8 42. Qd8+ Kh7 43. Qf8 Rb2+ 1/2-1/2

[Event "Detroit (MCO/Ch/4/8)"]
[Site "?"]
[Date "1994.??.??"]
[Round "?"]
[White "Toma, A."]
[Black "Chehayeb, Sal"]
[Result "1-0"]
[WhiteElo "2170"]
[BlackElo "2025"]
[PlyCount "84"]
[EventDate "1994.??.??"]

{4/(8)} 1. d4 Nf6 2. Nf3 g6 3. Bg5 Bg7 4. e3 O-O 5. Bd3 d6 6. Nbd2 c5 7. c3 Nc6
8. O-O Rb8 9. Re1 b5 10. Qe2 b4 11. c4 Bg4 12. h3 Bxf3 13. Nxf3 e5 14. Be4 Ne7
15. Bxf6 Bxf6 16. dxc5 dxc5 17. Red1 Qc7 18. Bd5 Nxd5 19. Rxd5 e4 20. Nh2 Rbd8
21. Rad1 Rxd5 22. Rxd5 Rd8 23. Rxd8+ Qxd8 24. b3 Bc3 25. g4 a5 26. Nf1 Be5 27.
Qd2 Qe7 28. Qd5 Kg7 29. Nd2 f5 30. gxf5 gxf5 31. f4 Bc3 32. Nf1 Kg6 33. Ng3 Qf6
34. Kf2 h5 35. h4 Bb2 36. Qxc5 Bc1 37. Qe5 Qxh4 38. Qxf5+ Kh6 39. Qxe4 Qh2+ 40.
Kf3 h4 41. Nf5+ Kh7 42. Qe7+ Kg6 1-0

[Event "Romulus (RVO/5/23)"]
[Site "?"]
[Date "1994.??.??"]
[Round "?"]
[White "Timberlake, B."]
[Black "Troupe, D."]
[Result "0-1"]
[WhiteElo "1605"]
[BlackElo "1605"]
[PlyCount "48"]
[EventDate "1994.??.??"]

{5/(23)} 1. e4 e5 2. Nf3 Nc6 3. Bc4 h6 4. c3 Nf6 5. a3 Nxe4 6. Nd4 exd4 7.
Bxf7+ Kxf7 8. O-O d3 9. Qf3+ Nf6 10. Qxd3 d5 11. Re1 Bd6 12. h3 Re8 13. Kf1
Rxe1+ 14. Kxe1 Qe7+ 15. Kf1 a5 16. Qf3 Bd7 17. d4 Re8 18. Be3 Qe4 19. Qe2 Bxh3
20. f3 Bxg2+ 21. Kxg2 Qxe3 22. Qxe3 Rxe3 23. Nd2 Re2+ 24. Kh3 Rh2# 0-1

[Event "Flint (MI YJ Spon/1)"]
[Site "?"]
[Date "1994.??.??"]
[Round "?"]
[White "Timberlake, B."]
[Black "Seibert, T."]
[Result "0-1"]
[WhiteElo "1605"]
[BlackElo "1605"]
[PlyCount "94"]
[EventDate "1994.??.??"]

1. e3 d5 2. Nf3 Nf6 3. Be2 Nc6 4. Bb5 a6 5. Ba4 b5 6. Bb3 e5 7. d4 e4 8. Ne5
Bb7 9. Nd2 Bd6 10. Nxf7 Kxf7 11. f3 exf3 12. Nxf3 h6 13. a3 Re8 14. g3 Kf8 15.
Qd3 Ng4 16. Qf5+ Nf6 17. Bxd5 Nxd4 18. Nxd4 Bxd5 19. Bd2 Qe7 20. O-O-O Bxh1 21.
Rxh1 Qe4 22. Rf1 Qxf5 23. Rxf5 Kg8 24. c3 Rf8 25. Be1 Ne4 26. Rxf8+ Rxf8 27.
Kd1 Nf2+ 28. Ke2 Ng4 29. Nf3 Re8 30. Bd2 Ne5 31. Nd4 Nc4 32. Bc1 Be5 33. Nf5 a5
34. Kd3 Nd6 35. Nh4 Rd8 36. Ke2 b4 37. cxb4 axb4 38. Nf3 bxa3 39. bxa3 Bc3 40.
Kd1 Nc4+ 41. Kc2 Ba5 42. Nd4 Rf8 43. Kd3 Ne5+ 44. Ke2 Ng4 45. Nf3 Re8 46. h3
Ne5 47. Nd4 g5 $138 0-1